| LEADER 00000nam 2200000uu 4500 |
| 008 110510s2010||||th 000 0 tha d |
| 020 978-0-323-05701-1
|
| 060 0 WY 152 T722E 2010
|
| 100 0 ^aTouhy, Theris A.
|
| 245 00 ^aEbersole and hess gerontological nursing & healthy aging./^bTheris A. Touhy,Kathleen F. Jett.
|
| 246 0 ^aโครงการผลิตพยาบาลชุมชนฯ ครั้งที่2/2554.
|
| 250 ^a 3 th ed.
|
| 260 ^aSt. Louis : ^bMosby Elsevier,^c2010.
|
| 300 ^a 483 p. ;^bill.
|
| 500 ^aโครงการผลิตพยาบาลชุมชนฯ ครั้งที่2/2554.
|
| 650 0 ^aAging.
|
| 650 0 ^aGeriatric nursing.
|
| 650 0 ^aHealth Promotion.
|
| 650 0 ^aHolistic nursing.
|
| 700 0 ^aJett, Kathleen.
|
| 999 ^aใช้งานได้ทุกระบบ
|